000 01139nam0a22002771 4500
001 v19\rc\1746338
005 20250619061022.0
035 _a(NLR Aleph) 004851762
090 _a4928328
_c4928328
100 _a20061204d1902 |||y0rusy50 ca
101 0 _arus
102 _aRU
105 _ay z |||||
200 1 _aКраткий обзор постепенного развития мероприятий Московского губернского земства для содействия кустарной промышленности
_e(Докл. С.Т. Морозова)
_fМоск. губ. земство
210 _aМосква
_d[1902]
215 _a9 с.
_d24
309 _aБез тит. л. и обл.
700 1 _7ca
_8rus
_aМорозов
_bС. Т.
_cпредприниматель, меценат
_f1863-1944
_gСергей Тимофеевич
_9199426
_3RU\NLR\AUTH\770199477
712 0 2 _aМосковское губ. земство
801 0 _aRU
_bNLR
_gpsbo
801 0 _aRU
_bRuMoRGB
_2psbo
801 1 _aRU
_bProSoft-M
_2rusmarc
852 _aNLR
_bЗем
_j21/Д70
942 _cBOOK
980 _aNB